000 00969cam a22003017a 4500
003 CHAP
005 20220817041717.0
008 971013s1978 r 00010 d
010 _a22250
011 _a23222
035 _a27317
040 _cCHAP
082 _a631.45
_bC65
100 0 0 _aColwell, J. D.
_925495
245 0 _aComputations for studies of soil fertility and fertilizer requeriments
260 _aSlough :
_bCommonwealth Agricultural Bureaux,
_c1978
300 _a297 p.
590 _aBATCH-UPD
_b10
_c20130110
_lUCH01
_h1529
590 _aBATCH-UPD
_b10
_c20130410
_lUCH01
_h0937
590 _aBATCH-UPD
_b10
_c20130914
_lUCH01
_h1358
590 _aCONVERSION
_b10
_c20130109
_lUCH01
_h1313
650 1 4 _aFertilizantes.
_940447
650 1 4 _aProcesamiento automático de datos en suelos.
650 1 4 _aSuelos
_xFertilidad.
_9110367
901 _aBK
942 _cLIBRO
949 _a631.45 C65
_bBC
_cLIBRO
_d33724000072658
_eLIBRO
_h52509
_i27317
_si
_t1200.00
999 _c22250
_d22250